Vista normal Vista MARC

Entrada Topical Term

Número de registros utilizados en: 1

001 - CONTROL NUMBER

  • control field: 36471

003 - CONTROL NUMBER IDENTIFIER

  • control field: OSt

005 - DATE AND TIME OF LATEST TRANSACTION

  • control field: 20210324130059.0

008 - FIXED-LENGTH DATA ELEMENTS

  • fixed length control field: 210324|| aca||aabn | a|a d

040 ## - CATALOGING SOURCE

  • Original cataloging agency: OSt
  • Transcribing agency: OSt

150 ## - HEADING--TOPICAL TERM

  • Topical term or geographic name entry element: Agricultura
  • Geographic subdivision: Países en desarrollo

670 ## - SOURCE DATA FOUND

  • Source citation: Work cat.: (OSt): Lenin, Vladimir Ilich, autor 6232, Discusiones sobre la cuestión agraria / , [1970?]